Normal view
MARC view
- العلاقات الدولية- البلدان العربية- اللولايات المتحدة- مؤتمرات
Entry Topical Term
001 - CONTROL NUMBER
- control field: 33549
003 - CONTROL NUMBER IDENTIFIER
- control field: JO-AjAnu
005 - DATE AND TIME OF LATEST TRANSACTION
- control field: 20230606075628.0
008 - FIXED-LENGTH DATA ELEMENTS
- fixed length control field: 230606|| aca||aabn | a|a d
040 ## - CATALOGING SOURCE
- Original cataloging agency: JO-AjAnu
- Transcribing agency: JO-AjAnu
150 ## - HEADING--TOPICAL TERM
- Topical term or geographic name entry element: العلاقات الدولية- البلدان العربية- اللولايات المتحدة- مؤتمرات
670 ## - SOURCE DATA FOUND
- Source citation: Work cat.: (JO-AjAnu)17235: جامعة فيلادلفيا ، تحرير ومراجعة لؤلؤة، عبد الواحد... وآخرون, author 33548, العرب والغرب : أوراق المؤتمر العلمي السنوي السابع لكلية الاداب والفنون/ جامعة فيلادلفيا 6-8 اب 2002: بحوث نختارة